[Event "Open Tournament "]
[Site "SchemingMind.com"]
[Date "2007.05.05"]
[Round "-"]
[White "kwabena"]
[Black "Jordan Petrov"]
[Result "1-0"]
[WhiteCountry "ENG"]
[BlackCountry "BUL"]
[WhiteElo "1553"]
[WhiteRD "80"]
[BlackElo "1450"]
[BlackRD "91"]
[GameID "103725"]

1. d4 d5 2. Bf4 e6 3. a3 Bd6 4. Bxd6 cxd6 5. e3 e5 6. c3 Bf5 7. h3 Nf6 8. Bb5+ Nbd7 9. Ne2 O-O 10. Ng3 Be4
11. O-O a6 12. Ba4 b5 13. Bb3 Qb6 14. Nd2 Qc6 15. Ndxe4 dxe4 16. Qc2 h6 17. Rfd1 d5 18. dxe5 Nxe5 19. Nf5 Qe6 20. Nd4 Qd7
21. Ba2 Nd3 22. f3 Nh5 23. Ne2 exf3 24. Qxd3 fxe2 25. Qxe2 Ng3 26. Qf3 Nf5 27. Rxd5
1-0

[Event "Open Tournament "]
[Site "SchemingMind.com"]
[Date "2007.05.04"]
[Round "-"]
[White "rabbit"]
[Black "kwabena"]
[Result "1-0"]
[WhiteCountry "USA"]
[BlackCountry "ENG"]
[WhiteElo "2023"]
[WhiteRD "71"]
[BlackElo "1605"]
[BlackRD "109"]
[GameID "103726"]

1. e4 d5 2. exd5 Qxd5 3. d4 Bf5 4. Nc3 Qd8 5. Qf3 Bc8 6. Nge2 e6 7. Bf4 Bd6 8. Qg3 Qf6 9. Ne4 Qg6 10. Bxd6 Qxg3
11. Bxg3 c6 12. Nd6+ Kf8 13. Nxc8 Nd7 14. Nd6 b6 15. O-O-O Ngf6 16. Ne4 Nxe4 17. Bh4 f6 18. Nf4 Kf7 19. Re1 g5 20. Rxe4 gxf4
21. Bc4 Kg6 22. Bxe6 Nf8 23. Bc4 Nd7 24. Re7 Rhd8 25. Bd3+ Kh5 26. Rxh7+ Kg4 27. f3#
1-0

[Event "Open Tournament "]
[Site "SchemingMind.com"]
[Date "2007.05.05"]
[Round "-"]
[White "ramanujan"]
[Black "kwabena"]
[Result "1-0"]
[WhiteCountry "IND"]
[BlackCountry "ENG"]
[WhiteElo "1945"]
[WhiteRD "83"]
[BlackElo "1605"]
[BlackRD "109"]
[GameID "103727"]

1. e4 d5 2. exd5 Qxd5 3. Nc3 Qe5+ 4. Be2 Bg4 5. d4 Bxe2 6. Ngxe2 Qd6 7. Bf4 Qd8 8. Qd3 c6 9. O-O-O e6 10. Rhe1 h6
11. d5 cxd5 12. Nd4 Nf6 13. Rxe6+ fxe6 14. Nxe6 Qd7 15. Qg6+ Ke7 16. Nc7 Nc6 17. N3xd5+ Nxd5 18. Nxd5+ Kd8 19. Nc7 Qxd1+ 20. Kxd1 Ne7
21. Qe8#
1-0

[Event "Open Tournament "]
[Site "SchemingMind.com"]
[Date "2007.05.05"]
[Round "-"]
[White "e_castle3"]
[Black "kwabena"]
[Result "1-0"]
[WhiteCountry "PHI"]
[BlackCountry "ENG"]
[WhiteElo "1784"]
[WhiteRD "74"]
[BlackElo "1604"]
[BlackRD "104"]
[GameID "103728"]

1. Nf3 d5 2. g3 Bg4 3. Bg2 Nf6 4. O-O e6 5. h3 Bf5 6. d3 h6 7. g4 Bh7 8. Bf4 c5 9. Nbd2 Nc6 10. c3 Be7
11. Qb3 Qc8 12. Rac1 O-O 13. a3 b5 14. Qxb5 a6 15. Qa4 Qb7 16. c4 dxc4 17. Ne5 Bd6 18. Bxc6 Qc7 19. Bxa8 Rxa8 20. Ndxc4 Be7
21. Na5 Nd5 22. Bh2 Bf6 23. Nec6 Qb6 24. e4 Ne7 25. Nxe7+ Bxe7 26. Nc4 Qd8 27. Rfd1 Bf6 28. Qc6 Bd4 29. Qb7 a5 30. Nb6 Bxb2
31. Qxa8 Qxa8 32. Nxa8 Bxc1 33. Rxc1 c4 34. Rxc4
1-0

[Event "Open Tournament "]
[Site "SchemingMind.com"]
[Date "2007.05.07"]
[Round "-"]
[White "egis"]
[Black "kwabena"]
[Result "1-0"]
[WhiteCountry "LTU"]
[BlackCountry "ENG"]
[WhiteElo "1998"]
[WhiteRD "75"]
[BlackElo "1588"]
[BlackRD "92"]
[GameID "103729"]

1. e4 d5 2. exd5 Qxd5 3. Nc3 Qe5+ 4. Be2 Bg4 5. d4 Bxe2 6. Ngxe2 Qf5 7. O-O e6 8. b3 Nf6 9. a4 c5 10. Nb5 Na6
11. c4 Be7 12. Be3 Rd8 13. Nf4 O-O 14. d5 exd5 15. cxd5 Nxd5 16. Nxd5 Rxd5 17. Qe2 Ra8 18. Qc4 b6 19. Nc3 Rd7 20. Nb5 Nb4
21. Rad1 Rxd1 22. Rxd1 a6 23. Nc3 Rd8 24. Rxd8+ Bxd8 25. h3 h6 26. f3 Bf6 27. Ne4 Be7 28. Ng3 Qd3 29. Qxd3 Nxd3 30. Ne4 Nf4
31. Bxf4 b5 32. axb5 axb5 33. Bd6 Bxd6 34. Nxd6 b4 35. Kf2 Kf8 36. Ke2 Ke7 37. Nf5+ Kf6 38. Ne3 h5 39. Kd3 Ke6 40. Kc4 Kd6
41. Nf5+
1-0

[Event "Open Tournament "]
[Site "SchemingMind.com"]
[Date "2007.05.04"]
[Round "-"]
[White "Coloplast"]
[Black "kwabena"]
[Result "1-0"]
[WhiteCountry "SWE"]
[BlackCountry "ENG"]
[WhiteElo "2012"]
[WhiteRD "70"]
[BlackElo "1605"]
[BlackRD "109"]
[GameID "103730"]

1. d4 d5 2. c4 c6 3. Bf4 Bf5 4. Nc3 Nf6 5. e3 e6 6. a3 Be7 7. Nf3 h6 8. Bd3 Bxd3 9. Qxd3 Bd6 10. Bg3 Bxg3
11. hxg3 O-O 12. O-O-O Nbd7 13. Rh4 Nb6 14. c5 Nbd7 15. g4 b6 16. g5 hxg5 17. Nxg5 g6 18. Nxe6 Qe7 19. Nxf8 Rxf8 20. b4 a5
21. Rdh1 Nh5 22. g4 Nhf6 23. Rh8+ Kg7 24. Rxf8 Nxf8 25. cxb6 axb4 26. Na4 bxa3 27. Nc5 Nxg4 28. b7 Qd6 29. Qxa3 Nd7 30. Kd2 Nxf2
31. Re1 Ne4+ 32. Kd1 Nexc5 33. dxc5 Qb8 34. Qb4 Nf6 35. Kc2 Kf8 36. Ra1 Qh2+ 37. Kb3 Nd7 38. Ra8+ Ke7 39. b8=Q Nxb8 40. Rxb8 Qe5
41. Qb7+ Kf6 42. Qxc6+ Kg7 43. Qe8 Qxe3+ 44. Qxe3
1-0

[Event "Open Tournament "]
[Site "SchemingMind.com"]
[Date "2007.05.05"]
[Round "-"]
[White "Lazaro"]
[Black "kwabena"]
[Result "1-0"]
[WhiteCountry "CUB"]
[BlackCountry "ENG"]
[WhiteElo "1953"]
[WhiteRD "69"]
[BlackElo "1569"]
[BlackRD "84"]
[GameID "103731"]

1. e4 d5 2. exd5 Qxd5 3. Nc3 Qe5+ 4. Be2 Bg4 5. d4 Bxe2 6. Ngxe2 Qf5 7. O-O Nf6 8. Ng3 Qd7 9. Bg5 Nd5 10. Nce4 g6
11. c4 Nb6 12. Nc5 Qc8 13. Re1 Nxc4 14. Qa4+ c6 15. Qxc4 e6 16. Bf6 Rg8 17. Nge4 Nd7 18. Nxd7 Qxd7 19. Be5 Be7 20. Re3 b5
21. Qc2 a5 22. Rc1 Rc8 23. Rc3 f5 24. Nf6+ Bxf6 25. Bxf6 Rf8 26. Be5 c5 27. Rxc5 Rxc5 28. Qxc5
1-0

[Event "Open Tournament "]
[Site "SchemingMind.com"]
[Date "2007.05.07"]
[Round "-"]
[White "nwhitelaw"]
[Black "kwabena"]
[Result "0-1"]
[WhiteCountry "GBR"]
[BlackCountry "ENG"]
[WhiteElo "1305"]
[WhiteRD "74"]
[BlackElo "1604"]
[BlackRD "104"]
[GameID "103732"]

1. d4 d5 2. Nc3 Bf5 3. e3 e6 4. g4 Bg6 5. h4 h6 6. h5 Bh7 7. Qf3 Bxc2 8. e4 dxe4 9. Nxe4 Qxd4 10. Nd2 Qe5+
11. Ne4 Bxe4 12. Qe3 Bb4+ 13. Bd2 Bxd2+ 14. Qxd2 Bxh1+ 15. Ne2 Bf3 16. Rd1 Qd5 17. Qf4 Qc6 18. Nd4 Qe4+ 19. Qxe4 Bxe4 20. Nb5 Na6
21. Rd4 Nf6 22. Be2 O-O 23. f3 Bd5 24. a4 c6 25. Nc3 Nc5 26. f4 Rfd8 27. g5 hxg5 28. fxg5 Nfe4 29. Nxe4 Nxe4 30. h6 Nxg5
31. Bd3 gxh6
0-1

[Event "Open Tournament "]
[Site "SchemingMind.com"]
[Date "2007.05.07"]
[Round "-"]
[White "pinkfloydhomer"]
[Black "kwabena"]
[Result "1-0"]
[WhiteCountry "DEN"]
[BlackCountry "ENG"]
[WhiteElo "2027"]
[WhiteRD "102"]
[BlackElo "1605"]
[BlackRD "109"]
[GameID "103733"]

1. e4 d5 2. exd5 Qxd5 3. Nc3 Qe5+ 4. Be2 Bg4 5. d4 Bxe2 6. Ngxe2 Qd6 7. Bf4 Qg6 8. O-O e6 9. Bxc7 Nc6 10. d5 exd5
11. Nf4 Qg5 12. Re1+ Be7 13. Ncxd5 Nh6 14. Nxe7 Nxe7 15. Nd5 Nf5 16. Nxe7 Nxe7 17. Bd6 Rd8 18. Bxe7 Rxd1 19. Bxg5+ Rxe1+ 20. Rxe1+ Kd7
21. Re7+ Kc8 22. Rxf7 Re8 23. Kf1 h6 24. Be3
1-0

[Event "Open Tournament "]
[Site "SchemingMind.com"]
[Date "2007.05.05"]
[Round "-"]
[White "Jordan Petrov"]
[Black "kwabena"]
[Result "0-1"]
[WhiteCountry "BUL"]
[BlackCountry "ENG"]
[WhiteElo "1450"]
[WhiteRD "91"]
[BlackElo "1553"]
[BlackRD "80"]
[GameID "103734"]

1. e4 d5 2. exd5 Qxd5 3. Nc3 Qe5+ 4. Be2 Bg4 5. d4 Bxe2 6. Qxe2 Qxe2+ 7. Ngxe2 e6 8. Bg5 Be7 9. Nb5 Na6 10. Bf4 c6
11. Nd6+ Bxd6 12. Bxd6 Rd8 13. Be5 f6 14. Bg3 Ne7 15. O-O-O Kf7 16. Rhe1 Nf5 17. a3 Rd7 18. c3 Rhd8 19. b4 b6 20. Kc2 g5
21. h3 Nxg3 22. Nxg3 Nc7 23. c4 Na6 24. Kc3 c5 25. bxc5 bxc5 26. Ne2 e5 27. d5 Rxd5
0-1